| 000 | 00350 a2200133 4500 | ||
|---|---|---|---|
| 001 | 88238 | ||
| 082 | _aPR 468 | ||
| 090 |
_c41652 _d41652 |
||
| 100 | _aRao Asad Ali | ||
| 245 | _aOptimization of mission profile and threat analysis | ||
| 260 |
_aRisalpur _bNUST Risalpur _c1999 |
||
| 300 |
_avii, 47p. _eShakil R Sheikh |
||
| 500 | _aBE Project Reports | ||
| 942 |
_aCAE NUST _kPR 468 |
||
| 999 |
_c323311 _d323311 |
||